Secret obsession /

Tired of living her entire life in the shadow of her sister Camille, Paige Donahue plots to steal her brother-in-law and ruin their marriage.

Bibliographic Details
Main Author: Roby, Kimberla Lawson
Format: Book
Language:English
Published: New York : Grand Central Publishing, 2011.
Edition:1st ed.
Subjects:

MARC

Tag First Indicator Second Indicator Subfields
LEADER 00000cam a22000008a 4500
001 in00002708921
005 20151202143140.0
008 110201s2011 nyu 000 f eng
010 |a  2011003698 
020 |a 9780446572422 
020 |a 044657242X 
035 |a (OCoLC)ocn700205688 
035 |a (OCoLC)700205688 
040 |a DLC  |c DLC  |d YDXCP  |d JAO  |d IUK  |d IEP  |d ZGV  |d VP@  |d UtOrBLW 
043 |a n-us-il 
049 |a TXAM 
050 0 0 |a PS3568.O3189  |b S43 2011 
082 0 0 |a 813/.54  |2 22 
100 1 |a Roby, Kimberla Lawson. 
245 1 0 |a Secret obsession /  |c Kimberla Lawson Roby. 
250 |a 1st ed. 
264 1 |a New York :  |b Grand Central Publishing,  |c 2011. 
300 |a viii, 179 pages ;  |c 22 cm. 
336 |a text  |b txt  |2 rdacontent 
337 |a unmediated  |b n  |2 rdamedia 
338 |a volume  |b nc  |2 rdacarrier 
500 |a Includes discussion questions, (pages [177]-179). 
520 |a Tired of living her entire life in the shadow of her sister Camille, Paige Donahue plots to steal her brother-in-law and ruin their marriage. 
650 0 |a African American women  |v Fiction. 
650 0 |a Sisters  |v Fiction. 
650 0 |a Jealousy  |v Fiction. 
994 |a C0  |b TXA 
948 |a cataloged  |b h  |c 2011/9/23  |d c  |e blrosas  |f 1:02:08 pm 
999 |a MARS 
999 f f |s f43257ac-5122-3be2-9507-9ac77d18f63f  |i e518ce45-e9cf-302d-abbb-9f4cf9e9f2ed  |t 0 
952 f f |p normal  |a Texas A&M University  |b College Station  |c Sterling C. Evans Library  |d Evans: Library Stacks  |t 0  |e PS3568.O3189 S43 2011  |h Library of Congress classification  |i unmediated -- volume  |m A14841184852 
998 f f |a PS3568.O3189 S43 2011  |t 0  |l Evans: Library Stacks